banner-ar

كتاب تسهيل النظر وتعجيل الظفر فى اخلاق الملك وسياسة الملك / (Record no. 45873)

MARC details
000 -الفاتح
حقل البيانات ثابتة الطول 00737nam a2200205Ia 4500
008 - عناصر البيانات ثابتة الطول - معلومات عامة
حقل البيانات ثابتة الطول 140319s9999 xx 000 0 ara d
040 ## - مصدر الفهرسة
وكالة الفهرسة الأصلية GCL /
وكالة النسخ GCL
082 04 - رقم تصنيف ديوى العشرى
رقم التصنيف 257.1
رقم المادة م ك
100 1# - المدخل الرئيسى - إسم شخصى
الإسم الشخصى حسن الساعاتى (مراجعة)
245 10 - بيان العنوان
العنوان كتاب تسهيل النظر وتعجيل الظفر فى اخلاق الملك وسياسة الملك /
بيان المسئوليه,etc حسن الساعاتى (مراجعة)
700 1# - المدخل الاضافى - اسم شخصى
الإسم الشخصى محيى هلال السرحان
700 1# - المدخل الاضافى - اسم شخصى
الإسم الشخصى المارودى, ابو الحسن على البصرى
300 ## - الوصف المادى
التعداد 290 ص
490 ## - بيان السلسلة
عنوان السلسلة
650 04 - المدخل الاضافى بالموضوع-مصطلح موضوعى
مصطلح موضوعي الدولة العباسية
650 04 - المدخل الاضافى بالموضوع-مصطلح موضوعى
مصطلح موضوعي الدولة العباسية الثالثة
650 04 - المدخل الاضافى بالموضوع-مصطلح موضوعى
مصطلح موضوعي السياسة - تاريخ
942 ## - عناصر المدخل الإضافي( كوها)
مصدر التصنيف او مخطط الترفيف Dewey Decimal Classification
Koha [default] item type كتاب
Holdings
حالة التراجع حالة الفقد حالة تلف ليس للاعارة المكان المؤقت الموقع الحالى تاريخ الاكتساب اجمالي اﻻعارات رقم الطلب الباركود تاريخ اخر مشاهدة تاريخ تفعيل السعر نوع وعاء كوها
        مكتبة القاهرة الكبرى مكتبة القاهرة الكبرى 03/26/2014   257.1\م ك 111782 03/26/2014 03/26/2014 كتاب
        مكتبة القاهرة الكبرى مكتبة القاهرة الكبرى 03/26/2014   257.1\م ك 111783 03/26/2014 03/26/2014 كتاب
        مكتبة القاهرة الكبرى مكتبة القاهرة الكبرى 03/26/2014   257.1\م ك 111784 03/26/2014 03/26/2014 كتاب

Powered By

EGPV